[Event "2018 O2C Doeberl Cup Minor"]
[Site "Canberra Southern Cross Club"]
[Date "2018.03.30"]
[Round "2.2"]
[White "Ong, Weng Yan"]
[Black "Anand, Aditya"]
[Result "1-0"]
[WhiteElo "1388"]
[BlackElo "1189"]
[PlyCount "87"]
[EventDate "2018.??.??"]
[TimeControl "90+30"]
[WhiteClock "1:15:13"]
[BlackClock "0:51:34"]

1. e4 {[%emt 0:00:00]} e5 {[%emt 0:00:00]} 2. Nf3 {[%emt 0:00:00]} Nc6 {
[%emt 0:00:00]} 3. c3 {[%emt 0:00:00]} d6 {[%emt 0:00:00]} 4. d4 {[%emt 0:00:
00]} exd4 {[%emt 0:00:00]} 5. cxd4 {[%emt 0:00:00]} Bg4 {[%emt 0:00:00]} 6. Be2
{[%emt 0:00:00]} Nf6 {[%emt 0:00:00]} 7. O-O {[%emt 0:00:00]} Be7 {[%emt 0:00:
00]} 8. Nc3 {[%emt 0:00:00]} O-O {[%emt 0:00:00]} 9. Bf4 {[%emt 0:00:00]} d5 {
[%emt 0:00:00]} 10. exd5 {[%emt 0:00:00]} Nxd5 {[%emt 0:00:00]} 11. Nxd5 {
[%emt 0:00:00]} Qxd5 {[%emt 0:00:00]} 12. Bxc7 {[%emt 0:00:00]} Bf6 {[%emt 0:
00:00]} 13. h3 {[%emt 0:00:00]} Bxf3 {[%emt 0:00:00]} 14. Bxf3 {[%emt 0:00:00]}
Qxd4 {[%emt 0:00:00]} 15. Qxd4 {[%emt 0:00:00]} Bxd4 {[%emt 0:00:00]} 16. Bxc6
{[%emt 0:00:00]} bxc6 {[%emt 0:00:00]} 17. Rab1 {[%emt 0:00:00]} Rfc8 {[%emt 0:
00:00]} 18. Bf4 {[%emt 0:00:00]} c5 {[%emt 0:00:00]} 19. Rfe1 {[%emt 0:00:00]}
Re8 {[%emt 0:00:00]} 20. b3 {[%emt 0:00:00]} f6 {[%emt 0:00:00]} 21. Bd6 {
[%emt 0:00:00]} Kf7 {[%emt 0:00:00]} 22. Kf1 {[%emt 0:00:00]} Re6 {[%emt 0:00:
00]} 23. Rxe6 {[%emt 0:00:00]} Kxe6 {[%emt 0:00:00]} 24. Bf4 {[%emt 0:00:00]}
Re8 {[%emt 0:00:00]} 25. Re1+ {[%emt 0:00:00]} Kd7 {[%emt 0:00:00]} 26. Rxe8 {
[%emt 0:00:00]} Kxe8 {[%emt 0:00:00]} 27. Bb8 {[%emt 0:00:00]} a6 {[%emt 0:00:
00]} 28. Bf4 {[%emt 0:00:00]} Kd7 {[%emt 0:00:00]} 29. Ke2 {[%emt 0:00:00]} Kc6
{[%emt 0:00:00]} 30. Be3 {[%emt 0:00:00]} Bxe3 {[%emt 0:00:00]} 31. Kxe3 {
[%emt 0:00:00]} Kb5 {[%emt 0:00:00]} 32. a3 {[%emt 0:00:00]} a5 {[%emt 0:00:00]
} 33. Kd3 {[%emt 0:00:00]} a4 {[%emt 0:00:00]} 34. bxa4+ {[%emt 0:00:00]} Kxa4
{[%emt 0:00:00]} 35. Kc4 {[%emt 0:00:00]} Kxa3 {[%emt 0:00:00]} 36. Kxc5 {
[%emt 0:00:00]} Kb3 {[%emt 0:00:00]} 37. Kd5 {[%emt 0:00:00]} Kc2 {[%emt 0:00:
00]} 38. Ke6 {[%emt 0:00:00]} Kd2 {[%emt 0:00:00]} 39. Kf7 {[%emt 0:00:00]} Ke2
{[%emt 0:00:00]} 40. Kxg7 {[%emt 0:00:00]} Kxf2 {[%emt 0:00:00]} 41. Kxf6 {
[%emt 0:00:00]} Kxg2 {[%emt 0:00:00]} 42. h4 {[%emt 0:00:00]} Kg3 {[%emt 0:00:
00]} 43. h5 {[%emt 0:00:00]} Kf4 {[%emt 0:00:00]} 44. h6 {[%emt 0:00:00]} 1-0

[Event "2018 O2C Doeberl Cup Minor"]
[Site "Canberra Southern Cross Club"]
[Date "2018.03.31"]
[Round "3.2"]
[White "Ho, Lachlan"]
[Black "Ong, Weng Yan"]
[Result "1-0"]
[WhiteElo "1259"]
[BlackElo "1388"]
[PlyCount "119"]
[EventDate "2018.??.??"]
[TimeControl "90+30"]
[WhiteClock "0:10:24"]
[BlackClock "0:35:59"]

1. e4 {[%emt 0:00:00]} e6 {[%emt 0:00:00]} 2. d4 {[%emt 0:00:00]} d5 {[%emt 0:
00:00]} 3. exd5 {[%emt 0:00:00]} exd5 {[%emt 0:00:00]} 4. c4 {[%emt 0:00:00]}
Nf6 {[%emt 0:00:00]} 5. Nf3 {[%emt 0:00:00]} Be7 {[%emt 0:00:00]} 6. Nc3 {
[%emt 0:00:00]} O-O {[%emt 0:00:00]} 7. Qb3 {[%emt 0:00:00]} dxc4 {[%emt 0:00:
00]} 8. Bxc4 {[%emt 0:01:38]} Nbd7 {[%emt 0:00:00]} 9. Ng5 {[%emt 0:00:00]} Nb6
{[%emt 0:00:00]} 10. Bxf7+ {[%emt 0:00:00]} Kh8 {[%emt 0:00:00]} 11. Be6 {
[%emt 0:00:00]} Qxd4 {[%emt 0:00:00]} 12. Be3 {[%emt 0:00:00]} Bxe6 {[%emt 0:
00:00]} 13. Nxe6 {[%emt 0:00:00]} Qe5 {[%emt 0:00:00]} 14. Nxf8 {[%emt 0:00:00]
} Bc5 {[%emt 0:00:00]} 15. Qe6 {[%emt 0:00:00]} Re8 {[%emt 0:00:00]} 16. Qxe5 {
[%emt 0:00:00]} Rxe5 {[%emt 0:00:00]} 17. O-O-O {[%emt 0:00:00]} Bxe3+ {
[%emt 0:00:00]} 18. fxe3 {[%emt 0:00:00]} Re8 {[%emt 0:00:00]} 19. Rhf1 {
[%emt 0:00:00]} Kg8 {[%emt 0:00:00]} 20. Nxh7 {[%emt 0:02:31]} Kxh7 {[%emt 0:
00:00]} 21. e4 {[%emt 0:00:00]} Nc4 {[%emt 0:00:00]} 22. Rd3 {[%emt 0:00:00]}
Nxe4 {[%emt 0:00:00]} 23. Rf4 {[%emt 0:00:00]} Ned6 {[%emt 0:00:00]} 24. b3 {
[%emt 0:00:00]} Re1+ {[%emt 0:00:00]} 25. Kc2 {[%emt 0:00:00]} Ne5 {[%emt 0:00:
00]} 26. Rd1 {[%emt 0:00:00]} Re3 {[%emt 0:00:00]} 27. Nd5 {[%emt 0:00:00]}
Re2+ {[%emt 0:00:00]} 28. Rd2 {[%emt 0:00:00]} Rxd2+ {[%emt 0:00:00]} 29. Kxd2
{[%emt 0:00:00]} c6 {[%emt 0:00:00]} 30. Ne7 {[%emt 0:00:00]} Kh6 {[%emt 0:00:
00]} 31. Rd4 {[%emt 0:00:00]} Nb5 {[%emt 0:00:00]} 32. Re4 {[%emt 0:00:00]} Nd7
{[%emt 0:00:00]} 33. a4 {[%emt 0:00:00]} Nc7 {[%emt 0:00:00]} 34. Rc4 {[%emt 0:
00:00]} Nf6 {[%emt 0:00:00]} 35. Nf5+ {[%emt 0:00:00]} Kg6 {[%emt 0:00:06]} 36.
Nd6 {[%emt 0:00:00]} b6 {[%emt 0:01:26]} 37. Rxc6 {[%emt 0:00:00]} Ne6 {
[%emt 0:01:01]} 38. Nb5 {[%emt 0:00:00]} Nc5 {[%emt 0:01:38]} 39. Kc2 {[%emt 0:
00:00]} Kf5 {[%emt 0:01:50]} 40. Nxa7 {[%emt 0:00:00]} Nd5 {[%emt 0:01:25]} 41.
Rd6 {[%emt 0:00:00]} Ke5 {[%emt 0:01:32]} 42. Rg6 {[%emt 0:00:00]} Ne6 {
[%emt 0:01:03]} 43. Nc8 {[%emt 0:00:00]} Kf5 {[%emt 0:01:07]} 44. Rg3 {[%emt 0:
00:00]} Kf6 {[%emt 0:01:21]} 45. Kd3 {[%emt 0:00:00]} Nc5+ {[%emt 0:01:54]} 46.
Kc4 {[%emt 0:00:00]} Nf4 {[%emt 0:00:47]} 47. Nxb6 {[%emt 0:00:00]} Nfe6 {
[%emt 0:00:35]} 48. b4 {[%emt 0:00:00]} Nb7 {[%emt 0:00:48]} 49. Kd5 {[%emt 0:
01:57]} Nf4+ {[%emt 0:00:29]} 50. Kc6 {[%emt 0:00:12]} Nd8+ {[%emt 0:00:20]}
51. Kb5 {[%emt 0:00:00]} Nfe6 {[%emt 0:00:22]} 52. Rd3 {[%emt 0:00:00]} Nc7+ {
[%emt 0:00:27]} 53. Kc4 {[%emt 0:00:00]} Nf7 {[%emt 0:00:25]} 54. Nd5+ {
[%emt 0:00:00]} Nxd5 {[%emt 0:00:27]} 55. Rxd5 {[%emt 0:00:00]} Ke6 {[%emt 0:
00:18]} 56. a5 {[%emt 0:00:00]} Nd6+ {[%emt 0:00:14]} 57. Rxd6+ {[%emt 0:00:00]
} Kxd6 {[%emt 0:00:15]} 58. Kb5 {[%emt 0:00:00]} Kc7 {[%emt 0:00:19]} 59. Kc5 {
[%emt 0:00:00]} Kb7 {[%emt 0:00:27]} 60. b5 {[%emt 0:00:34]} 1-0

[Event "2018 O2C Doeberl Cup Minor"]
[Site "Canberra Southern Cross Club"]
[Date "2018.03.31"]
[Round "4.2"]
[White "Young, Dashiell"]
[Black "Rowland, Adam"]
[Result "1-0"]
[WhiteElo "1259"]
[BlackElo "1361"]
[PlyCount "39"]
[EventDate "2018.??.??"]
[TimeControl "90+30"]
[WhiteClock "1:16:08"]
[BlackClock "1:05:43"]

1. d4 {[%emt 0:00:00]} Nf6 {[%emt 0:00:00]} 2. Nf3 {[%emt 0:00:00]} d5 {
[%emt 0:00:00]} 3. c4 {[%emt 0:00:00]} c6 {[%emt 0:00:00]} 4. Nc3 {[%emt 0:00:
00]} e6 {[%emt 0:00:00]} 5. Bg5 {[%emt 0:00:00]} dxc4 {[%emt 0:00:00]} 6. e4 {
[%emt 0:00:00]} b5 {[%emt 0:00:00]} 7. e5 {[%emt 0:00:00]} h6 {[%emt 0:00:00]}
8. Bh4 {[%emt 0:00:00]} g5 {[%emt 0:00:00]} 9. Nxg5 {[%emt 0:00:00]} hxg5 {
[%emt 0:00:00]} 10. Bxg5 {[%emt 0:00:00]} Nbd7 {[%emt 0:00:00]} 11. exf6 {
[%emt 0:00:00]} Bb7 {[%emt 0:00:00]} 12. a4 {[%emt 0:00:00]} b4 {[%emt 0:00:00]
} 13. Ne4 {[%emt 0:00:00]} c5 {[%emt 0:00:00]} 14. Nxc5 {[%emt 0:00:00]} Nxc5 {
[%emt 0:00:00]} 15. dxc5 {[%emt 0:00:00]} Bxc5 {[%emt 0:00:27]} 16. Bxc4 {
[%emt 0:02:12]} Bxg2 {[%emt 0:00:00]} 17. Bb5+ {[%emt 0:00:00]} Kf8 {[%emt 0:
00:00]} 18. Qg4 {[%emt 0:00:00]} Bxh1 {[%emt 0:06:33]} 19. Bh6+ {[%emt 0:00:07]
} Rxh6 {[%emt 0:00:05]} 20. Qg7# {[%emt 0:00:05]} 1-0

[Event "2018 O2C Doeberl Cup Minor"]
[Site "Canberra Southern Cross Club"]
[Date "2018.04.01"]
[Round "5.2"]
[White "Poyiatzis, Alexandros"]
[Black "Young, Dashiell"]
[Result "0-1"]
[WhiteElo "1299"]
[BlackElo "1259"]
[PlyCount "148"]
[EventDate "2018.??.??"]
[TimeControl "90+30"]
[WhiteClock "0:06:53"]
[BlackClock "0:13:10"]

1. e4 {[%emt 0:00:00]} c5 {[%emt 0:00:00]} 2. Nc3 {[%emt 0:00:00]} a6 {[%emt 0:
00:00]} 3. Nf3 {[%emt 0:00:00]} Nc6 {[%emt 0:00:00]} 4. d3 {[%emt 0:00:00]} d6
{[%emt 0:00:00]} 5. g3 {[%emt 0:00:00]} Nf6 {[%emt 0:00:00]} 6. Bg2 {[%emt 0:
00:00]} e6 {[%emt 0:00:00]} 7. O-O {[%emt 0:00:00]} Be7 {[%emt 0:00:00]} 8. Bd2
{[%emt 0:00:00]} O-O {[%emt 0:00:00]} 9. Qe2 {[%emt 0:00:00]} Rb8 {[%emt 0:00:
00]} 10. a4 {[%emt 0:00:00]} b5 {[%emt 0:00:00]} 11. Nd1 {[%emt 0:00:00]} Bb7 {
[%emt 0:00:00]} 12. c3 {[%emt 0:00:00]} c4 {[%emt 0:00:00]} 13. axb5 {[%emt 0:
00:00]} axb5 {[%emt 0:00:00]} 14. Nd4 {[%emt 0:00:00]} Ne5 {[%emt 0:00:00]} 15.
dxc4 {[%emt 0:00:00]} Nxc4 {[%emt 0:00:00]} 16. Be1 {[%emt 0:00:00]} Qb6 {
[%emt 0:00:00]} 17. b3 {[%emt 0:00:00]} Ne5 {[%emt 0:00:00]} 18. f4 {[%emt 0:
00:00]} Neg4 {[%emt 0:00:00]} 19. h3 {[%emt 0:00:00]} e5 {[%emt 0:00:00]} 20.
hxg4 {[%emt 0:00:00]} exd4 {[%emt 0:00:00]} 21. Bf2 {[%emt 0:00:00]} Qc6 {
[%emt 0:00:00]} 22. Bxd4 {[%emt 0:00:00]} Nxe4 {[%emt 0:00:00]} 23. Qc2 {
[%emt 0:00:00]} d5 {[%emt 0:00:00]} 24. Re1 {[%emt 0:00:00]} Bc5 {[%emt 0:00:
00]} 25. Bxe4 {[%emt 0:00:00]} Bxd4+ {[%emt 0:00:00]} 26. cxd4 {[%emt 0:00:00]}
dxe4 {[%emt 0:00:00]} 27. Qxc6 {[%emt 0:00:00]} Bxc6 {[%emt 0:00:00]} 28. Nc3 {
[%emt 0:00:00]} Rfe8 {[%emt 0:00:00]} 29. Re3 {[%emt 0:00:00]} Ra8 {[%emt 0:02:
38]} 30. Rae1 {[%emt 0:00:00]} Red8 {[%emt 0:08:32]} 31. d5 {[%emt 0:00:43]}
Bxd5 {[%emt 0:00:14]} 32. Nxd5 {[%emt 0:00:15]} Rxd5 {[%emt 0:00:04]} 33. Rxe4
{[%emt 0:00:23]} Kf8 {[%emt 0:00:15]} 34. Re5 {[%emt 0:00:41]} Rad8 {[%emt 0:
01:15]} 35. b4 {[%emt 0:00:47]} f6 {[%emt 0:01:32]} 36. Re6 {[%emt 0:01:33]}
R5d6 {[%emt 0:00:58]} 37. f5 {[%emt 0:00:55]} Rd4 {[%emt 0:00:18]} 38. R1e4 {
[%emt 0:01:05]} Rxe4 {[%emt 0:01:14]} 39. Rxe4 {[%emt 0:00:07]} Rd3 {[%emt 0:
00:04]} 40. Kf2 {[%emt 0:00:39]} Rb3 {[%emt 0:00:07]} 41. Rd4 {[%emt 0:01:44]}
g6 {[%emt 0:01:38]} 42. Kg2 {[%emt 0:01:12]} Kg7 {[%emt 0:00:14]} 43. Rd7+ {
[%emt 0:01:03]} Kh6 {[%emt 0:00:10]} 44. g5+ {[%emt 0:02:07]} Kxg5 {[%emt 0:00:
32]} 45. fxg6 {[%emt 0:00:27]} Kxg6 {[%emt 0:00:12]} 46. Rd4 {[%emt 0:00:18]}
f5 {[%emt 0:00:30]} 47. Kh3 {[%emt 0:00:42]} Kf6 {[%emt 0:00:57]} 48. Kh4 {
[%emt 0:00:39]} Ke5 {[%emt 0:00:16]} 49. Rf4 {[%emt 0:00:31]} Re3 {[%emt 0:00:
47]} 50. Rf1 {[%emt 0:01:22]} Re4+ {[%emt 0:00:06]} 51. Kg5 {[%emt 0:00:46]}
Rg4+ {[%emt 0:00:04]} 52. Kh6 {[%emt 0:00:02]} Rxg3 {[%emt 0:00:08]} 53. Kxh7 {
[%emt 0:00:38]} Rb3 {[%emt 0:00:17]} 54. Re1+ {[%emt 0:01:09]} Kd4 {[%emt 0:00:
32]} 55. Kg6 {[%emt 0:00:39]} f4 {[%emt 0:00:16]} 56. Kf5 {[%emt 0:00:32]} f3 {
[%emt 0:03:24]} 57. Re4+ {[%emt 0:00:08]} Kc3 {[%emt 0:00:21]} 58. Rf4 {
[%emt 0:00:20]} Kd2 {[%emt 0:00:31]} 59. Ke5 {[%emt 0:00:40]} Re3+ {[%emt 0:00:
35]} 60. Kd5 {[%emt 0:00:12]} Ke2 {[%emt 0:00:16]} 61. Kc5 {[%emt 0:00:45]}
Re5+ {[%emt 0:00:45]} 62. Kd6 {[%emt 0:00:09]} Rg5 {[%emt 0:00:19]} 63. Re4+ {
[%emt 0:00:40]} Kf2 {[%emt 0:00:13]} 64. Kc6 {[%emt 0:00:21]} Kg2 {[%emt 0:00:
15]} 65. Rd4 {[%emt 0:00:24]} f2 {[%emt 0:00:11]} 66. Rd2 {[%emt 0:00:05]} Kg1
{[%emt 0:00:08]} 67. Rd1+ {[%emt 0:00:15]} f1=Q {[%emt 0:00:04]} 68. Rxf1+ {
[%emt 0:00:02]} Kxf1 {[%emt 0:00:05]} 69. Kb6 {[%emt 0:00:02]} Ke2 {[%emt 0:00:
07]} 70. Ka5 {[%emt 0:00:02]} Kd3 {[%emt 0:00:10]} 71. Kb6 {[%emt 0:00:06]} Kc3
{[%emt 0:00:06]} 72. Ka5 {[%emt 0:00:04]} Kc4 {[%emt 0:00:06]} 73. Kb6 {
[%emt 0:00:04]} Kxb4 {[%emt 0:00:03]} 74. Kc6 {[%emt 0:00:02]} Kc4 {[%emt 0:00:
08]} 0-1

[Event "2018 O2C Doeberl Cup Minor"]
[Site "Canberra Southern Cross Club"]
[Date "2018.04.01"]
[Round "6.2"]
[White "Young, Dashiell"]
[Black "Lee, Lachlan"]
[Result "0-1"]
[WhiteElo "1259"]
[BlackElo "1211"]
[PlyCount "60"]
[EventDate "2018.??.??"]
[TimeControl "90+30"]
[WhiteClock "0:41:49"]
[BlackClock "0:11:09"]

1. d4 {[%emt 0:00:00]} Nf6 {[%emt 0:00:00]} 2. Nf3 {[%emt 0:00:00]} d5 {
[%emt 0:00:00]} 3. c4 {[%emt 0:00:00]} e6 {[%emt 0:00:00]} 4. Bg5 {[%emt 0:00:
00]} h6 {[%emt 0:00:00]} 5. Bxf6 {[%emt 0:00:00]} Qxf6 {[%emt 0:00:00]} 6. Nc3
{[%emt 0:00:00]} c6 {[%emt 0:00:00]} 7. e3 {[%emt 0:00:00]} Nd7 {[%emt 0:00:00]
} 8. cxd5 {[%emt 0:00:00]} exd5 {[%emt 0:00:00]} 9. Be2 {[%emt 0:00:00]} Qd8 {
[%emt 0:00:00]} 10. O-O {[%emt 0:00:00]} Be7 {[%emt 0:00:00]} 11. a3 {[%emt 0:
00:00]} O-O {[%emt 0:00:00]} 12. b4 {[%emt 0:00:00]} a6 {[%emt 0:00:00]} 13.
Qb3 {[%emt 0:00:00]} Nf6 {[%emt 0:00:00]} 14. a4 {[%emt 0:00:00]} Bf5 {[%emt 0:
00:00]} 15. b5 {[%emt 0:00:00]} axb5 {[%emt 0:00:00]} 16. axb5 {[%emt 0:00:00]}
Qd6 {[%emt 0:00:00]} 17. Ne5 {[%emt 0:00:00]} Ne4 {[%emt 0:00:00]} 18. Nxe4 {
[%emt 0:00:00]} Bxe4 {[%emt 0:00:00]} 19. bxc6 {[%emt 0:00:00]} bxc6 {[%emt 0:
00:00]} 20. Qb6 {[%emt 0:00:00]} Rac8 {[%emt 0:00:00]} 21. Rfc1 {[%emt 0:00:00]
} c5 {[%emt 0:00:00]} 22. Qxd6 {[%emt 0:00:00]} Bxd6 {[%emt 0:00:00]} 23. Nd7 {
[%emt 0:00:00]} Rfd8 {[%emt 0:00:00]} 24. Nxc5 {[%emt 0:00:00]} Rc7 {[%emt 0:
00:00]} 25. Ba6 {[%emt 0:00:00]} Ra8 {[%emt 0:00:00]} 26. Nb3 {[%emt 0:00:00]}
Bc2 {[%emt 0:00:00]} 27. Nd2 {[%emt 0:00:00]} Bf5 {[%emt 0:00:00]} 28. Be2 {
[%emt 0:00:00]} Rxc1+ {[%emt 0:00:00]} 29. Rxc1 {[%emt 0:00:00]} Ra2 {[%emt 0:
00:00]} 30. e4 {[%emt 0:05:21]} Rxd2 {[%emt 0:02:30]} 0-1

[Event "2018 O2C Doeberl Cup Minor"]
[Site "Canberra Southern Cross Club"]
[Date "2018.04.02"]
[Round "7.1"]
[White "Lee, Lachlan"]
[Black "Yang, Oliver"]
[Result "0-1"]
[WhiteElo "1211"]
[BlackElo "1336"]
[PlyCount "46"]
[EventDate "2018.??.??"]
[TimeControl "90+30"]
[WhiteClock "0:51:59"]
[BlackClock "0:34:37"]

1. d4 {[%emt 0:00:00]} Nf6 {[%emt 0:00:00]} 2. Bf4 {[%emt 0:00:00]} g6 {
[%emt 0:00:00]} 3. Nc3 {[%emt 0:00:00]} d5 {[%emt 0:00:00]} 4. e3 {[%emt 0:00:
00]} Bg7 {[%emt 0:00:00]} 5. h4 {[%emt 0:00:00]} c5 {[%emt 0:00:00]} 6. Be2 {
[%emt 0:00:00]} Nc6 {[%emt 0:00:00]} 7. h5 {[%emt 0:00:00]} Ne4 {[%emt 0:00:00]
} 8. hxg6 {[%emt 0:00:00]} hxg6 {[%emt 0:00:00]} 9. Rxh8+ {[%emt 0:00:00]} Bxh8
{[%emt 0:00:00]} 10. Nb5 {[%emt 0:00:00]} e5 {[%emt 0:00:00]} 11. dxe5 {
[%emt 0:00:00]} Be6 {[%emt 0:00:00]} 12. f3 {[%emt 0:00:00]} Qh4+ {[%emt 0:00:
00]} 13. g3 {[%emt 0:00:00]} Nxg3 {[%emt 0:00:00]} 14. Kd2 {[%emt 0:00:00]} Ke7
{[%emt 0:00:00]} 15. Bxg3 {[%emt 0:00:00]} Qxg3 {[%emt 0:00:00]} 16. f4 {
[%emt 0:00:00]} d4 {[%emt 0:00:32]} 17. Nf3 {[%emt 0:00:00]} Rd8 {[%emt 0:00:
00]} 18. Nd6 {[%emt 0:00:00]} dxe3+ {[%emt 0:00:00]} 19. Kxe3 {[%emt 0:00:00]}
Nxe5 {[%emt 0:00:00]} 20. fxe5 {[%emt 0:00:00]} Bxe5 {[%emt 0:00:00]} 21. Bd3 {
[%emt 0:00:00]} Bf4+ {[%emt 0:00:00]} 22. Ke2 {[%emt 0:00:00]} Qg2+ {[%emt 0:
00:00]} 23. Ke1 {[%emt 0:00:00]} Bg3# {[%emt 0:00:00]} 0-1

[Event "2018 O2C Doeberl Cup Premier"]
[Site "Canberra, Australia"]
[Date "2018.03.29"]
[Round "1.1"]
[White "Zulfic, Fedja"]
[Black "Ma, Qun"]
[Result "0-1"]
[WhiteElo "2156"]
[BlackElo "2645"]
[PlyCount "76"]
[EventDate "2018.03.29"]

1. d4 d5 2. c4 e6 3. Nf3 Nf6 4. e3 Be7 5. Nbd2 Nbd7 6. Bd3 b6 7. e4 dxe4 8.
Nxe4 Bb7 9. Qe2 O-O 10. O-O c5 11. Rd1 cxd4 12. Nxd4 Qc7 13. Bg5 a6 14. Rac1
Rfe8 15. b4 Rad8 16. c5 bxc5 17. bxc5 Ne5 18. Bxf6 gxf6 19. Bxa6 Bxe4 20. Qxe4
Bxc5 21. Bb5 Rf8 22. Bd3 f5 23. Nxf5 exf5 24. Qxf5 f6 25. Rxc5 Rxd3 26. Rxd3
Qxc5 27. Rg3+ Kh8 28. h4 Qd4 29. h5 Qd7 30. Qc2 Rc8 31. Qb1 Ng4 32. h6 Qd2 33.
Rxg4 Rc1+ 34. Qxc1 Qxc1+ 35. Kh2 Qxh6+ 36. Kg3 f5 37. Rf4 Qd6 38. a4 Kg7 0-1

[Event "2018 O2C Doeberl Cup Premier"]
[Site "Canberra, Australia"]
[Date "2018.03.29"]
[Round "1.2"]
[White "Gareyev, Timur"]
[Black "Wright, Neil S"]
[Result "1-0"]
[WhiteElo "2590"]
[BlackElo "2110"]
[PlyCount "61"]
[EventDate "2018.03.29"]

1. e4 c5 2. b4 cxb4 3. Nf3 d5 4. exd5 Qxd5 5. c4 Qa5 6. Bb2 e6 7. a3 bxa3 8.
Nxa3 Nc6 9. g3 Nf6 10. Bg2 Be7 11. O-O O-O 12. d4 Rd8 13. Nb5 Qb6 14. Qe2 Rd7
15. Rfd1 Qd8 16. Ne5 Nxe5 17. dxe5 Ne8 18. Rxd7 Bxd7 19. Bxb7 Rb8 20. Be4 Bc5
21. Nxa7 Qb6 22. Bc3 Nc7 23. Kg2 g6 24. Qf3 Rd8 25. h4 Re8 26. h5 Be7 27. Bc6
Bxc6 28. Nxc6 Bg5 29. Ra7 Ra8 30. Bd4 Qb1 31. Rxc7 1-0

[Event "2018 O2C Doeberl Cup Premier"]
[Site "Canberra, Australia"]
[Date "2018.03.29"]
[Round "1.3"]
[White "Maguire, Tom"]
[Black "Sengupta, Deep"]
[Result "0-1"]
[WhiteElo "2096"]
[BlackElo "2579"]
[PlyCount "64"]
[EventDate "2018.03.29"]

1. d4 Nf6 2. c4 e6 3. Nc3 Bb4 4. Qc2 d6 5. Nf3 O-O 6. g4 e5 7. dxe5 dxe5 8.
Nxe5 Qd4 9. Nd3 Nc6 10. Bd2 Bxg4 11. a3 Be7 12. e3 Qxc4 13. Ne5 Qe6 14. Nxg4
Nxg4 15. Bd3 Nd4 16. Bxh7+ Kh8 17. Qe4 Nb3 18. Rd1 Nc5 19. Bf5 Nxe4 20. Bxe6
Ngxf2 21. Nxe4 Nxd1 22. Bb3 Nxb2 23. Bc3 f5 24. Nf2 Bf6 25. Kd2 b5 26. Bxb2
Bxb2 27. Rg1 c5 28. Rg5 c4 29. Bc2 Rad8+ 30. Ke2 Bc3 31. Bxf5 Rd2+ 32. Kf3 g6
0-1

[Event "2018 O2C Doeberl Cup Premier"]
[Site "Canberra, Australia"]
[Date "2018.03.29"]
[Round "1.4"]
[White "Smirnov, Anton"]
[Black "Specht, Josh"]
[Result "1-0"]
[WhiteElo "2543"]
[BlackElo "2094"]
[PlyCount "83"]
[EventDate "2018.03.29"]

1. e4 d5 2. exd5 Qxd5 3. Nc3 Qa5 4. d4 Nf6 5. Nf3 Bf5 6. Bc4 c6 7. Bd2 e6 8.
Nd5 Qd8 9. Nxf6+ gxf6 10. Bb3 Qc7 11. Qe2 Nd7 12. O-O-O O-O-O 13. Nh4 Bg6 14.
Kb1 Bd6 15. g3 Kb8 16. Rhe1 Ka8 17. Ka1 Qb6 18. Be3 Qa5 19. Bd2 Qb6 20. c3 a5
21. c4 Qa6 22. a3 Bc7 23. Be3 a4 24. Ba2 Ba5 25. Rf1 Nb6 26. Rc1 Rhe8 27. Nxg6
hxg6 28. Qc2 Rh8 29. h4 Rh5 30. Rfd1 Rc8 31. Rd3 g5 32. hxg5 fxg5 33. Rdd1 g4
34. Rh1 Rf5 35. Rh4 Rg8 36. Qe4 Nd7 37. Rxg4 Rxg4 38. Qxg4 Bb6 39. Bb1 Rf6 40.
c5 Bc7 41. Qd1 e5 42. Bd3 1-0

[Event "2018 O2C Doeberl Cup Premier"]
[Site "Canberra, Australia"]
[Date "2018.03.29"]
[Round "1.5"]
[White "Litchfield, Frederick"]
[Black "Kunte, Abhijit"]
[Result "0-1"]
[WhiteElo "2054"]
[BlackElo "2499"]
[PlyCount "102"]
[EventDate "2018.03.29"]

1. d4 Nf6 2. c4 e6 3. Nf3 Bb4+ 4. Nbd2 O-O 5. a3 Be7 6. e4 d6 7. Be2 Nfd7 8. g4
e5 9. Rg1 Re8 10. d5 c6 11. g5 a5 12. Nf1 Nc5 13. Ng3 a4 14. Be3 Nba6 15. Rc1
Bd7 16. Nd2 g6 17. h4 Qa5 18. Rc3 b5 19. Rh1 b4 20. axb4 Qxb4 21. Rc2 a3 22.
bxa3 Qxa3 23. Kf1 cxd5 24. cxd5 Ba4 25. Qc1 Qxc1+ 26. Rxc1 Rab8 27. Kg2 Rec8
28. h5 Nb4 29. hxg6 hxg6 30. Bg4 Bd7 31. Rh4 Bxg4 32. Rch1 Bh5 33. Nxh5 gxh5
34. Rxh5 Nc2 35. Bxc5 dxc5 36. Rh8+ Kg7 37. R1h7+ Kg6 38. Rh6+ Kg7 39. R8h7+
Kg8 40. Nf3 Nd4 41. Nxe5 Bxg5 42. Rh8+ Kg7 43. R6h7+ Kf6 44. Nd7+ Kg6 45. Ne5+
Kf6 46. Nd7+ Kg6 47. Nxb8 Rxb8 48. Rxb8 Kxh7 49. Rc8 Kg6 50. Rxc5 Bf4 51. Rc4
Nb5 0-1

[Event "2018 O2C Doeberl Cup Premier"]
[Site "Canberra, Australia"]
[Date "2018.03.29"]
[Round "1.6"]
[White "Morris, James"]
[Black "Kuan, Julian"]
[Result "1-0"]
[WhiteElo "2461"]
[BlackElo "2037"]
[PlyCount "59"]
[EventDate "2018.03.29"]

1. e4 c5 2. Ne2 d6 3. g3 d5 4. Bg2 dxe4 5. Bxe4 Nf6 6. Bg2 Nc6 7. O-O Bf5 8. d3
e6 9. Nd2 Qd7 10. Nc4 Be7 11. Ne3 Bg6 12. Nf4 Rc8 13. Re1 O-O 14. h4 Bd6 15. h5
Bf5 16. h6 Bg6 17. hxg7 Kxg7 18. Nc4 Be7 19. a4 b6 20. Bd2 Rfd8 21. Bc3 Nd4 22.
a5 b5 23. Ne5 Qd6 24. a6 b4 25. Nc4 Qc7 26. Bd2 Re8 27. c3 Nc6 28. Rxe6 Qd7 29.
Rxc6 Rxc6 30. Ne5 1-0

[Event "2018 O2C Doeberl Cup Premier"]
[Site "Canberra, Australia"]
[Date "2018.03.29"]
[Round "1.7"]
[White "Ng, Clive"]
[Black "Mu, Ke"]
[Result "0-1"]
[WhiteElo "2036"]
[BlackElo "2450"]
[PlyCount "113"]
[EventDate "2018.03.29"]

1. e4 e5 2. Nf3 Nc6 3. d4 exd4 4. Nxd4 Nf6 5. Nxc6 bxc6 6. e5 Qe7 7. Qe2 Nd5 8.
c4 Nb6 9. Nc3 Qe6 10. b3 a5 11. g3 a4 12. Rb1 Bb4 13. Bd2 O-O 14. f4 axb3 15.
axb3 d6 16. Bg2 dxe5 17. O-O exf4 18. Qxe6 Bxe6 19. Rxf4 Rad8 20. Be1 Rd3 21.
Rf3 Rfd8 22. Rxd3 Rxd3 23. Be4 Rxc3 24. Bxc3 Bxc3 25. Bxc6 Kf8 26. Rd1 Bb4 27.
Kf2 Ke7 28. Be4 h5 29. Ke3 Nd7 30. Rf1 Nf6 31. Bf5 Bxf5 32. Rxf5 g6 33. Rb5
Ng4+ 34. Ke2 Bd6 35. h3 Nh6 36. Kf3 Nf5 37. Rb7 Bxg3 38. b4 Kd7 39. c5 Kc6 40.
Rb8 Be1 41. Rf8 Bxb4 42. Rxf7 Bxc5 43. Rf6+ Kd5 44. Ke2 Ne7 45. Kd3 Bd6 46. Rf7
c5 47. Kc2 c4 48. Rf1 Be5 49. Rd1+ Bd4 50. Rb1 Nf5 51. Rb5+ Ke4 52. Rb8 g5 53.
Rg8 g4 54. hxg4 Ne3+ 55. Kd2 hxg4 56. Re8+ Be5 57. Ke2 0-1

[Event "2018 O2C Doeberl Cup Premier"]
[Site "Canberra, Australia"]
[Date "2018.03.29"]
[Round "1.8"]
[White "Ikeda, Junta"]
[Black "Parle, Hughston"]
[Result "1-0"]
[WhiteElo "2415"]
[BlackElo "2033"]
[PlyCount "87"]
[EventDate "2018.03.29"]

1. d4 Nf6 2. c4 g6 3. Nf3 Bg7 4. g3 O-O 5. Bg2 d6 6. Nc3 a6 7. O-O Nc6 8. Bf4
Rb8 9. Rc1 Bd7 10. c5 Nh5 11. Be3 dxc5 12. d5 Nd4 13. Nxd4 cxd4 14. Bxd4 e5 15.
Ba7 Rc8 16. d6 cxd6 17. Bxb7 Ra8 18. Bxa8 Qxa8 19. Be3 Bh3 20. Qd5 Bxf1 21.
Qxa8 Rxa8 22. Kxf1 Nf6 23. Rd1 Ng4 24. Bb6 Nxh2+ 25. Kg2 Ng4 26. f3 Nh6 27. e4
f5 28. Rxd6 Nf7 29. Rc6 Ng5 30. Be3 Nf7 31. Nd5 fxe4 32. fxe4 Bf8 33. Rc7 Bd6
34. Rd7 h5 35. Nb6 Rd8 36. Ra7 Bb4 37. Nd5 a5 38. a3 Be1 39. b4 axb4 40. axb4
h4 41. g4 Kg7 42. b5 h3+ 43. Kxh3 Rh8+ 44. Kg2 1-0